Reporte anual 2006: memoria e informe de responsabilidad social y ambiental

Bewaard in:
Bibliografische gegevens
Formaat: Boek
Taal:Spaans
Gepubliceerd in: Santiago Arauco 2005
Onderwerpen:
Tags: Voeg label toe
Geen labels, Wees de eerste die dit record labelt!

MARC

LEADER 00000nam a2200000 a 4500
001 UCI2537
003 CL-VaPUC
008 070824e20050000CL |||||||||||||||||spa|d
082 0 4 |a 657.3  |b REP  |2 21 
245 1 0 |a Reporte anual 2006: memoria e informe de responsabilidad social y ambiental 
300 |a 112 p 
942 |c BK 
945 |d 20070824 00:00:00  |a jtorresc 
260 |a Santiago  |b Arauco  |c 2005 
500 |a Contiene un Cd-rom 
650 7 |a ESTADOS FINANCIEROS  |2 CL-VaPUC  |9 523547 
650 0 |a Medio ambiente  |9 257625 
650 0 |a Mercado financiero  |9 334172 
650 0 |a Finanzas  |9 260832 
583 |a last modification  |c 20070824 00:00:00  |k Rodrigo Vera 
999 |c 327047  |d 327045 
952 |0 0  |1 0  |4 0  |6 657_300000000000000_REP_2005  |7 0  |8 A  |9 409438  |a BIBGIM  |b BIBGIM  |d 2019-11-22  |i 4352211  |o 657.3 REP 2005  |p 4352211  |r 2025-01-15  |w 2019-11-22  |y BK  |k GIM